[Event "40th Eastman Open Ghent"]
[Site "Ghent"]
[Date "2017.07.19"]
[Round "9"]
[White "Michielsen, Joost"]
[Black "Van Mechelen, Jan"]
[Result "0-1"]
[WhiteElo "2409"]
[BlackElo "2247"]
[Annotator "ChessBase"]
[PlyCount "52"]
[EventDate "2017.??.??"]
[EventType "swiss"]
[EventCountry "BEL"]
[SourceTitle "playchess.com"]
[Source "ChessBase"]
[SourceQuality "1"]
[TimeControl "7200"]

1. e4 {[%emt 0:04:38]} c5 {[%emt 0:00:20]} 2. Nf3 {[%emt 0:00:05]} d6 {[%emt 0:00:08]} 3. d4 {[%emt 0:00:03]} cxd4 {[%emt 0:00:08]} 4. Nxd4 {[%emt 0:00:04]} Nf6 {[%emt 0:00:12]} 5. Nc3 {[%emt 0:00:04]} a6 {[%emt 0:00:08]} 6. h3 {[%emt 0:00:11]} e5 {[%emt 0:00:39]} 7. Nde2 {[%emt 0:00:04]} h5 {[%emt 0:00:25]} 8. Bg5 {[%emt 0:01:46]} Be7 {[%emt 0:00:49]} 9. Ng3 {[%emt 0:08:05]} g6 {[%emt 0:02:31]} 10. Bc4 {[%emt 0:02:32]} Nbd7 {[%emt 0:05:17]} 11. a4 {[%emt 0:05:30]} b6 {[%emt 0:01:16]} 12. Nd5 {[%emt 0:01:31]} Bb7 {[%emt 0:07:51]} 13. Nxe7 {[%emt 0:01:02]} Qxe7 {[%emt 0:00:09]} 14. O-O {[%emt 0:15:39]} h4 {[%emt 0:01:48]} 15. Ne2 {[%emt 0:00:19]} Rh5 {[%emt 0:00:29]} 16. Bxf6 {[%emt 0:02:01]} Nxf6 {[%emt 0:00:42]} 17. Nc3 {[%emt 0:00:06]} Nxe4 {[%emt 0:04:54]} 18. Nd5 {[%emt 0:01:26]} Qd8 {[%emt 0:00:11]} 19. Qf3 {[%emt 0:01:08]} f5 {[%emt 0:02:24]} 20. Qe3 {[%emt 0:01:44]} Rb8 {[%emt 0:08:35]} 21. Rad1 {[%emt 0:38:55]} Kf8 {[%emt 0:16:22]} 22. Nxb6 {[%emt 0:07:42]} f4 {[%emt 0:07:36]} 23. Qb3 {[%emt 0:00:59]} Nc5 {[%emt 0:01:00]} 24. Qb4 {[%emt 0:00:35]} f3 {[%emt 0:11:07]} 25. Rfe1 {[%emt 0:06:26]} a5 {[%emt 0:02:34]} 26. Nd7+ {[%emt 0:01:17]} Ke7 {[%emt 0:06:54]} 0-1

[Event "40th Eastman Open Ghent"]
[Site "Ghent"]
[Date "2017.07.19"]
[Round "9"]
[White "Abolianin, Arthur"]
[Black "Dgebuadze, Alexandre"]
[Result "0-1"]
[WhiteElo "2329"]
[BlackElo "2524"]
[Annotator "TA"]
[PlyCount "40"]
[EventDate "2017.??.??"]
[EventType "swiss"]
[EventCountry "BEL"]
[SourceTitle "playchess.com"]
[Source "ChessBase"]
[SourceQuality "1"]

{[%evp 9,40,2,7,8,43,0,0,0,0,0,0,-1,14,14,14,14,6,0,14,8,20,-1,0,-38,-30,-64,0,-33,-48,-40,-23,-15,0]} 1. b3 Nc6 2. Bb2 e5 {[%cal Be7e5,Be5e4][%mdl 32]} 3. c4 d6 4. e3 g6 5. Nf3 Bg7 6. d4 {A01: Nimzowitsch-Larsen Opening} (6. Be2 f5 7. h4 h6 8. Nc3 Nf6 9. d4 e4 10. Ng1 Ne7 11. d5 c5 12. Nh3 O-O {½-½ (39) Rapport,R (2702)-Van Wely,L (2695) Wijk aan Zee 2017}) 6... Bg4 (6... e4 $5 {[%cal Re4f3]} 7. Nfd2 f5 $11) 7. Be2 (7. d5 {is interesting.} Nb8 8. Nc3 f5 9. Be2 Nd7 10. e4) 7... e4 8. Nfd2 Bxe2 9. Qxe2 f5 10. O-O Nf6 11. f3 $146 ({Predecessor:} 11. a3 Qd7 {½-½ (39) Frederick,R (2250)-Schroer,J (2310) New York 1983}) 11... exf3 12. Nxf3 Qe7 13. Nc3 O-O 14. d5 Nd8 {[%cal Bc6d8,Bd8f7,Bf7g5,Bg5e6][%mdl 32]} 15. Rae1 (15. e4 $5) 15... Nf7 16. Nd4 {White wants to play Ne6.} Ng5 $1 17. e4 Ng4 ({Black should try} 17... Nfxe4 $15 18. Nxe4 Bxd4+ 19. Bxd4 Nxe4) 18. Ne6 Nxe6 19. exf5 Bd4+ 20. Kh1 {[#]} Nxh2 $1 {[%mdl 33280] Precision: White = 46%, Black = 56%. . Loss on Time!?} 0-1

[Event "40th Eastman Open Ghent"]
[Site "Ghent"]
[Date "2017.07.19"]
[Round "9"]
[White "Van Beers, Eddy"]
[Black "De Jong, Jasper"]
[Result "1-0"]
[WhiteElo "2312"]
[BlackElo "2151"]
[Annotator "NA"]
[PlyCount "59"]
[EventDate "2017.??.??"]
[EventType "swiss"]
[EventCountry "BEL"]
[SourceTitle "playchess.com"]
[Source "ChessBase"]
[SourceQuality "1"]
[TimeControl "7200"]

1. e4 {[%emt 0:00:01]} e6 {[%emt 0:00:04]} 2. d4 {[%emt 0:00:04]} d5 {[%emt 0:00:03]} 3. Nd2 {[%emt 0:00:07]} Nf6 {[%emt 0:00:08]} 4. e5 {[%emt 0:00:09]} Nfd7 {[%emt 0:00:05]} 5. c3 {[%emt 0:00:09]} c5 {[%emt 0:00:05]} 6. Bd3 {[%emt 0:00:08]} Nc6 {[%emt 0:00:12]} 7. Ne2 {[%emt 0:00:06]} cxd4 {[%emt 0:01:17]} 8. cxd4 {[%emt 0:00:08]} f6 {[%emt 0:00:14]} 9. exf6 {[%emt 0:00:34]} Nxf6 {[%emt 0:01:22]} 10. Nf3 {[%emt 0:00:45]} Bd6 {[%emt 0:00:45]} 11. O-O {[%emt 0:00:09]} O-O {[%emt 0:00:59]} 12. Bf4 {[%emt 0:00:21]} Bxf4 {[%emt 0:05:18]} 13. Nxf4 {[%emt 0:00:15]} Qd6 {[%emt 0:00:15]} 14. g3 {[%emt 0:07:38]} e5 {[%emt 0:19:25]} 15. dxe5 {[%emt 0:00:48] C06: French Tarrasch: 3...Nf6 4 e5 Nfd7 5 Bd3 main lines} Nxe5 {[%emt 0:00:10]} 16. Nxe5 {[%emt 0:08:58]} Qxe5 {[%emt 0:00:07] LiveBook: 14 Games} 17. Qd2 {[%emt 0:12:47]} Ne4 $146 {[%emt 0:07:01]} ({Predecessor:} 17... Bg4 18. Rae1 Qd6 19. Bc4 Kh8 20. Qd4 Qb4 21. Nxd5 Rad8 22. Qxg4 Rxd5 {½-½ (71) Yu,R (2556)-Tran,T (2310) Ho Chi Minh City 2013}) 18. Qa5 {[%emt 0:26:53]} Bf5 {[%emt 0:26:41]} 19. Rad1 {[%emt 0:17:04]} Rad8 {[%emt 0:11:05]} 20. Bxe4 {[%emt 0:11:22]} ({Don't play} 20. Qxa7 $6 g5 $14) 20... Bxe4 {[%emt 0:01:28]} 21. f3 {[%emt 0:00:04]} ({Much worse is} 21. Qxa7 $6 g5 $11) 21... b6 $2 {[%emt 0:15:57]} (21... Bg6 $16) 22. Qe1 {[%emt 0:06:33]} g5 {[%emt 0:03:07]} 23. Ng2 {[%emt 0:01:26]} Qxb2 {[%emt 0:02:36]} 24. fxe4 {[%emt 0:00:49]} dxe4 {[%emt 0:01:47]} 25. Rxd8 {[%emt 0:01:35]} Rxd8 {[%emt 0:00:09]} 26. Qxe4 {[%emt 0:00:11]} Qxa2 {[%emt 0:01:27]} 27. Qe7 {[%emt 0:00:20]} Qd5 {[%emt 0:01:06]} 28. Ne3 {[%emt 0:00:25]} Qd4 {[%emt 0:00:46]} 29. Qxg5+ {[%emt 0:00:30]} Kh8 {[%emt 0:00:07]} 30. Rd1 $18 {[%emt 0:01:07]} (30. Qe7 $142 Rg8 31. Rf7) 1-0

[Event "40th Eastman Open Ghent"]
[Site "Ghent"]
[Date "2017.07.19"]
[Round "9"]
[White "Lammens, Tim"]
[Black "Sarrau, Jelle"]
[Result "1/2-1/2"]
[WhiteElo "2304"]
[BlackElo "2363"]
[Annotator "TA"]
[PlyCount "33"]
[EventDate "2017.??.??"]
[EventType "swiss"]
[EventCountry "BEL"]
[SourceTitle "playchess.com"]
[Source "ChessBase"]
[SourceQuality "1"]

{[%evp 16,26,-2,0,8,0,0,12,4,11,13,12,9]} 1. Nf3 c5 2. g3 b6 3. Bg2 Bb7 4. c4 Nf6 5. O-O g6 6. Nc3 Bg7 7. Re1 O-O 8. e4 {[%cal Be2e4,Be4e5][%mdl 32]} Nc6 9. e5 {The position is equal.} Ne8 {A30: Symmetrical English: Double Fianchetto and Hedgehog} 10. d4 Nxd4 11. Nxd4 Bxg2 12. Kxg2 {[#] Black must now prevent Nf3.} cxd4 13. Qxd4 d6 {[#]} {Predecessor:} 14. Bf4 $146 dxe5 15. Qxd8 Rxd8 16. Bxe5 f6 17. Bf4 {½-½ (48) Kempinski,R (2597)-Agdestein,S (2637) Warsaw 2014} 1/2-1/2

[Event "40th Eastman Open Ghent"]
[Site "Ghent"]
[Date "2017.07.19"]
[Round "9"]
[White "Harakis, Alexis M"]
[Black "Epishin, Vladimir"]
[Result "0-1"]
[WhiteElo "2284"]
[BlackElo "2541"]
[Annotator "TA"]
[PlyCount "94"]
[EventDate "2017.??.??"]
[EventType "swiss"]
[EventCountry "BEL"]
[SourceTitle "playchess.com"]
[Source "ChessBase"]
[SourceQuality "1"]

{[%evp 22,94,63,61,76,74,88,47,36,14,18,0,9,-10,-2,-36,-8,-45,-36,-39,-35,-157,-127,-130,-117,-219,-229,-220,-237,-233,-225,-222,-212,-213,-210,-312,-279,-315,-322,-381,-333,-345,-359,-339,-325,-410,-402,-494,-472,-520,-470,-647,-632,-660,-520,-701,-533,-726,-524,-747,-731,-785,-726,-1220,-994,-952,-886,-1013,-991,-1619,-1579,-2043,-1886,-2569,-2458]} 1. d4 c5 2. d5 Nf6 3. Nc3 g6 4. e4 d6 5. Nf3 Bg7 6. Bb5+ Bd7 7. a4 O-O 8. O-O Bg4 9. Re1 Na6 10. h3 Bxf3 11. Qxf3 Nc7 12. Bc4 {LiveBook: 4 Games} Nd7 {A43: Schmid Benoni} 13. Qd1 b6 {[%cal Bb7b6,Bb6b5,Bb5b4,Bb4b3][%mdl 32]} 14. Bf1 a6 {White is slightly better.} 15. g4 $146 ({Find the theoretical novelty and annotate with similar games:} 15. Ra3 Rb8 16. Rb3 Rb7 17. Bg5 Bf6 {0-1 (39) Oney,F (2305)-Vasiukov,E (2495) Ankara 1997}) 15... Rb8 16. Ne2 b5 17. a5 b4 18. Ng3 Nb5 {[%cal Bc7b5,Bb5d4,Bd4c2][%mdl 32]} 19. Kh1 Qc7 20. f4 c4 21. Qe2 (21. Ra4 $15) 21... Nd4 $17 22. Qf2 b3 23. Ra4 (23. c3 $17 Nc2 24. Be3) 23... Nxc2 $19 ({Much less strong is} 23... bxc2 24. Rxc4 Qxa5 25. Bd2) 24. Rxc4 Qxa5 25. Rd1 Qb6 26. Qf3 Rfc8 27. e5 dxe5 28. d6 (28. Rc6 $142 Nd4 29. Rxb6 Nxf3 30. Rxb8 Nxb8 31. f5) 28... Nd4 29. Qg2 exd6 30. Be3 Qd8 31. Ne4 Nb6 32. Rxc8 Rxc8 ({Less strong is} 32... Nxc8 33. fxe5 dxe5 34. Bxa6 $19) 33. Nc3 a5 {[%cal Ba6a5,Ba5a4][%mdl 32]} 34. f5 a4 {Black is clearly winning.} 35. Ba6 Rc7 36. f6 Bxf6 37. Rf1 Bg7 38. Nb5 Rd7 39. Rc1 h6 40. Bd2 Nc2 41. Bb7 Nc4 42. Bc3 d5 {[%cal Bd6d5,Bd5d4,Bd4d3,Bd3d2][%mdl 32]} 43. Bc6 d4 44. Bb4 Nxb2 45. Rxc2 bxc2 46. Qxc2 d3 47. Qxb2 {[#]} d2 $1 {Precision: White = 23%, Black = 74%.} 0-1

[Event "40th Eastman Open Ghent"]
[Site "Ghent"]
[Date "2017.07.19"]
[Round "9"]
[White "Froeyman, Helmut"]
[Black "Goormachtigh, Johan"]
[Result "1/2-1/2"]
[WhiteElo "2264"]
[BlackElo "2156"]
[Annotator "ChessBase"]
[PlyCount "38"]
[EventDate "2017.??.??"]
[EventType "swiss"]
[EventCountry "BEL"]
[SourceTitle "playchess.com"]
[Source "ChessBase"]
[SourceQuality "1"]
[TimeControl "7200"]

1. e4 {[%emt 0:00:03]} c5 {[%emt 0:00:19]} 2. Nf3 {[%emt 0:00:04]} e6 {[%emt 0:00:27]} 3. d4 {[%emt 0:00:05]} cxd4 {[%emt 0:00:04]} 4. Nxd4 {[%emt 0:00:04]} Nc6 {[%emt 0:00:06]} 5. Nc3 {[%emt 0:00:03]} Qc7 {[%emt 0:00:20]} 6. Be2 {[%emt 0:00:06]} a6 {[%emt 0:00:16]} 7. O-O {[%emt 0:00:07]} Nf6 {[%emt 0:00:21]} 8. Be3 {[%emt 0:00:07]} Bb4 {[%emt 0:00:20]} 9. Na4 {[%emt 0:00:49]} Be7 {[%emt 0:00:08]} 10. Nxc6 {[%emt 0:01:13]} bxc6 {[%emt 0:00:07]} 11. Bd3 {[%emt 0:00:26]} c5 {[%emt 0:02:11]} 12. c4 {[%emt 0:01:28]} Bb7 {[%emt 0:01:02]} 13. Nc3 {[%emt 0:01:02]} d6 {[%emt 0:02:48]} 14. f4 {[%emt 0:02:04]} O-O {[%emt 0:12:46]} 15. Qf3 {[%emt 0:00:29]} Rfe8 {[%emt 0:10:28]} 16. Qh3 {[%emt 0:14:28]} Nd7 {[%emt 0:01:47]} 17. Rae1 {[%emt 0:04:02]} Nf8 {[%emt 0:07:46]} 18. Bd2 {[%emt 0:14:40]} Bf6 {[%emt 0:05:57]} 19. Re2 {[%emt 0:07:28]} Ng6 {[%emt 0:02:27]} 1/2-1/2

[Event "40th Eastman Open Ghent"]
[Site "Ghent"]
[Date "2017.07.19"]
[Round "9"]
[White "Sadkowski, Daniel"]
[Black "Van Herck, Marcel"]
[Result "1/2-1/2"]
[WhiteElo "2243"]
[BlackElo "2156"]
[Annotator "NA"]
[PlyCount "59"]
[EventDate "2017.??.??"]
[EventType "swiss"]
[EventCountry "BEL"]
[SourceTitle "playchess.com"]
[Source "ChessBase"]
[SourceQuality "1"]
[TimeControl "7200"]

{[%evp 14,40,20,11,17,6,15,0,0,0,33,25,28,19,20,22,27,31,13,32767,32767,32767,32767,6,0,0,0,8,10]} 1. d4 {[%emt 0:00:04]} Nf6 {[%emt 0:04:35]} 2. c4 {[%emt 0:00:12]} e6 {[%emt 0:00:12]} 3. g3 {[%emt 0:00:35]} d5 {[%emt 0:01:11]} 4. Nf3 {[%emt 0:00:07]} Be7 {[%emt 0:00:19]} 5. Bg2 {[%emt 0:00:07]} O-O {[%emt 0:00:06]} 6. O-O {[%emt 0:00:04]} c6 {[%emt 0:11:47]} 7. Qc2 {[%emt 0:04:29]} Nbd7 {[%emt 0:00:48]} 8. Nbd2 {[%emt 0:02:15]} b6 {[%emt 0:00:44]} 9. b3 {[%emt 0:00:37]} Bb7 {[%emt 0:00:10]} 10. Bb2 {[%emt 0:00:15]} Rc8 {[%emt 0:04:02]} 11. e4 {[%emt 0:09:54]} dxe4 {[%emt 0:00:40]} 12. Nxe4 {[%emt 0:00:48]} c5 {[%emt 0:09:40]} 13. Nxf6+ {[%emt 0:00:31]} Bxf6 {[%emt 0:10:38]} 14. Ng5 {[%emt 0:24:11]} Bxg5 {[%emt 0:00:15]} 15. Bxb7 {[%emt 0:00:03]} Rc7 {[%emt 0:00:45] LiveBook: 3 Games} 16. Bg2 {[%emt 0:04:14]} cxd4 {[%emt 0:03:49]} 17. Bxd4 {[%emt 0:02:07]} Bf6 {[%emt 0:00:22]} 18. Bxf6 {[%emt 0:06:04]} Qxf6 {[%emt 0:00:06]} 19. Qe2 {[%emt 0:01:06]} Rd8 {[%emt 0:03:38]} 20. Rad1 $11 {[%emt 0:01:07]} Nf8 {[%emt 0:01:25]} 21. Rxd8 {[%emt 0:07:50]} Qxd8 {[%emt 0:00:18]} 22. Rd1 {[%emt 0:00:05]} Rd7 {[%emt 0:00:05]} 23. Rxd7 {[%emt 0:00:22]} Qxd7 {[%emt 0:01:37]} 24. h4 {[%emt 0:01:16]} Qd4 {[%emt 0:06:48]} 25. Bf3 {[%emt 0:04:02]} g6 {[%emt 0:04:03]} 26. Kg2 {[%emt 0:00:42]} h5 {[%emt 0:00:54]} 27. Qd1 {[%emt 0:02:42]} Qb2 28. Qe2 Qd4 29. Qd1 Qc3 30. Qd6 1/2-1/2

[Event "40th Eastman Open Ghent"]
[Site "Ghent"]
[Date "2017.07.19"]
[Round "9"]
[White "Kitze, Alexander"]
[Black "Cordts, Ingo"]
[Result "1-0"]
[WhiteElo "2177"]
[BlackElo "2259"]
[Annotator "ChessBase"]
[PlyCount "113"]
[EventDate "2017.??.??"]
[EventType "swiss"]
[EventCountry "BEL"]
[SourceTitle "playchess.com"]
[Source "ChessBase"]
[SourceQuality "1"]
[TimeControl "7200"]

1. e4 {[%emt 0:00:03]} e5 {[%emt 0:00:01]} 2. Nf3 {[%emt 0:00:07]} Nc6 {[%emt 0:00:04]} 3. Bc4 {[%emt 0:00:04]} Bc5 {[%emt 0:00:05]} 4. c3 {[%emt 0:01:56]} Nf6 {[%emt 0:00:07]} 5. d3 {[%emt 0:00:04]} a6 {[%emt 0:00:06]} 6. O-O {[%emt 0:00:21]} Ba7 {[%emt 0:02:04]} 7. Re1 {[%emt 0:15:01]} O-O {[%emt 0:00:58]} 8. a4 {[%emt 0:04:58]} d6 {[%emt 0:04:09]} 9. Na3 {[%emt 0:02:04]} Ne7 {[%emt 0:02:21]} 10. Nc2 {[%emt 0:01:19]} c6 {[%emt 0:01:22]} 11. Be3 {[%emt 0:06:50]} Ng6 {[%emt 0:01:02]} 12. Bxa7 {[%emt 0:03:49]} Rxa7 {[%emt 0:00:01]} 13. d4 {[%emt 0:00:23]} exd4 {[%emt 0:03:05]} 14. Qxd4 {[%emt 0:04:38]} c5 {[%emt 0:00:14]} 15. Qd2 {[%emt 0:00:05]} Re8 {[%emt 0:06:29]} 16. e5 {[%emt 0:12:54]} Nxe5 {[%emt 0:06:21]} 17. Nxe5 {[%emt 0:00:17]} dxe5 {[%emt 0:00:20]} 18. Qxd8 {[%emt 0:00:10]} Rxd8 {[%emt 0:00:01]} 19. Rxe5 {[%emt 0:00:02]} b6 {[%emt 0:04:12]} 20. Rae1 {[%emt 0:03:05]} Kf8 {[%emt 0:01:32]} 21. b4 {[%emt 0:20:38]} Rc7 {[%emt 0:10:00]} 22. bxc5 {[%emt 0:00:28]} Rxc5 {[%emt 0:00:46]} 23. Rxc5 {[%emt 0:00:05]} bxc5 {[%emt 0:00:01]} 24. Ne3 {[%emt 0:08:28]} Ne4 {[%emt 0:03:23]} 25. Rd1 {[%emt 0:02:50]} Re8 {[%emt 0:09:28]} 26. Nd5 {[%emt 0:02:40]} Bb7 {[%emt 0:09:02]} 27. Nc7 {[%emt 0:03:08]} Nxc3 {[%emt 0:01:25]} 28. Nxe8 {[%emt 0:00:06]} Nxd1 {[%emt 0:00:19]} 29. Nd6 {[%emt 0:00:03]} Bc6 {[%emt 0:02:16]} 30. Bxa6 Ke7 {[%emt 0:02:27]} 31. Nc8+ {[%emt 0:00:54]} Kd7 {[%emt 0:04:57]} 32. Nb6+ {[%emt 0:00:16]} Kc7 {[%emt 0:00:44]} 33. a5 {[%emt 0:00:01]} Nc3 {[%emt 0:00:25]} 34. Bc4 {[%emt 0:01:03]} f6 {[%emt 0:00:33]} 35. Kf1 {[%emt 0:01:22]} Bb5 {[%emt 0:08:49]} 36. Bxb5 {[%emt 0:02:19]} Nxb5 {[%emt 0:00:01]} 37. Ke2 {[%emt 0:00:02]} Nd4+ {[%emt 0:11:57]} 38. Kd3 {[%emt 0:00:06]} Kc6 {[%emt 0:00:45]} 39. Kc4 {[%emt 0:00:39]} Nf5 {[%emt 0:00:45]} 40. Nc8 {[%emt 0:00:28]} Kc7 {[%emt 0:01:48]} 41. Nb6 {[%emt 0:00:08]} Kc6 {[%emt 0:00:10]} 42. Nc8 {[%emt 0:00:05]} Nh4 {[%emt 0:01:37]} 43. g3 {[%emt 0:00:24]} Nf3 {[%emt 0:00:03]} 44. Ne7+ {[%emt 0:00:13]} Kb7 {[%emt 0:00:57]} 45. Kb5 {[%emt 0:02:32]} Nd4+ {[%emt 0:01:24]} 46. Kxc5 {[%emt 0:00:13]} Ne6+ {[%emt 0:00:10]} 47. Kd6 {[%emt 0:00:41]} Ng5 {[%emt 0:00:02]} 48. f4 {[%emt 0:00:40]} Nf3 {[%emt 0:00:25]} 49. h4 {[%emt 0:00:17]} h5 {[%emt 0:00:49]} 50. Ke6 {[%emt 0:00:32]} g5 {[%emt 0:00:59]} 51. Nf5 {[%emt 0:00:12]} gxf4 {[%emt 0:00:48]} 52. gxf4 {[%emt 0:00:05]} Ng1 {[%emt 0:00:19]} 53. Kxf6 {[%emt 0:00:18]} Nh3 {[%emt 0:00:28]} 54. Ke5 {[%emt 0:00:04]} Ka6 {[%emt 0:00:08]} 55. Ng3 {[%emt 0:00:12]} Ng1 {[%emt 0:00:05]} 56. Ke4 {[%emt 0:00:24]} Kxa5 {[%emt 0:00:09]} 57. f5 {[%emt 0:00:09]} 1-0

[Event "40th Eastman Open Ghent"]
[Site "Ghent"]
[Date "2017.07.19"]
[Round "9"]
[White "Van der Valk, Niklas"]
[Black "Hamblok, Roel"]
[Result "1/2-1/2"]
[WhiteElo "2172"]
[BlackElo "2305"]
[Annotator "NA"]
[PlyCount "24"]
[EventDate "2017.??.??"]
[EventType "swiss"]
[EventCountry "BEL"]
[SourceTitle "playchess.com"]
[Source "ChessBase"]
[SourceQuality "1"]
[TimeControl "7200"]

{[%evp 9,22,16,32767,39,34,0,31,20,43,16,30,19,24,17,29]} 1. d4 {[%emt 0:21:26]} Nf6 {[%emt 0:00:11]} 2. c4 {[%emt 0:00:06]} e6 {[%emt 0:00:04]} 3. g3 {[%emt 0:00:19]} Bb4+ {[%emt 0:00:19]} 4. Bd2 {[%emt 0:00:16]} Qe7 {[%emt 0:00:06]} 5. Nf3 {[%emt 0:01:48]} Nc6 {[%emt 0:00:11]} 6. Nc3 {[%emt 0:00:35] LiveBook: 1551 Games} O-O {[%emt 0:00:36]} 7. d5 {[%emt 0:06:06]} Nb8 {[%emt 0:01:54]} 8. Bg2 {[%emt 0:03:25]} e5 {[%emt 0:02:01]} 9. e3 {[%emt 0:07:46]} d6 {[%emt 0:01:49]} 10. Qc2 {[%emt 0:02:08]} a5 {[%emt 0:18:25]} 11. O-O {[%emt 0:04:40]} Nbd7 $11 {[%emt 0:07:56]} 12. b3 {[%emt 0:07:15]} Nc5 {[%emt 0:01:24]} 1/2-1/2

[Event "40th Eastman Open Ghent"]
[Site "Ghent"]
[Date "2017.07.19"]
[Round "9"]
[White "Escribano Illan, Juan Carlos"]
[Black "Ward, Chris G"]
[Result "0-1"]
[WhiteElo "1966"]
[BlackElo "2441"]
[Annotator "TA"]
[PlyCount "94"]
[EventDate "2017.??.??"]
[EventType "swiss"]
[EventCountry "BEL"]
[SourceTitle "playchess.com"]
[Source "ChessBase"]
[SourceQuality "1"]

1. Nf3 {Program Activation Required} c5 2. g3 d5 3. Bg2 f6 4. d3 e5 5. O-O Nc6 6. Nc3 {A08: King's Indian Attack} (6. c4 d4 7. e3 dxe3 8. Bxe3 Bd6 9. Nc3 Nge7 10. Ne4 b6 11. b4 cxb4 12. d4 Bf5 13. dxe5 Bxe4 14. exd6 {1-0 (28) Bacrot,E (2720)-Naiditsch,A (2705) Dubai 2014}) 6... Be6 7. Re1 Nge7 8. a3 $146 ({NOTEXT:} 8. Rb1 Qd7 9. a3 Nc8 10. e4 d4 11. Nd5 Nb6 12. c4 dxc3 13. Nxb6 c2 14. Qxc2 axb6 {1-0 (50) Szmetan,J-Anelli,A Buenos Aires 1971}) 8... a6 9. e4 d4 10. Ne2 Ng6 11. c4 Bd6 12. Rb1 b5 13. Nd2 h5 14. Qc2 Rc8 15. h4 Qd7 16. Kh2 Nge7 17. Ng1 g5 18. Ngf3 Ng6 19. hxg5 h4 20. Kg1 Bh3 21. Nf1 Nf4 22. Bxh3 Qxh3 23. gxf4 Qg4+ 24. Kh2 h3 25. Ng3 exf4 26. e5 Nxe5 27. Qe2 fxg3+ 28. fxg3 O-O 29. Nxe5 Qxe2+ 30. Rxe2 fxe5 31. Bd2 Rf3 32. Kxh3 Rxd3 33. cxb5 axb5 34. Rf1 Rf8 35. Rf6 Rxf6 36. gxf6 Kf7 37. Bg5 c4 38. Kg4 Kg6 39. Rh2 e4 40. Rh6+ Kf7 41. Rh7+ Ke6 42. Bf4 Bxf4 43. Kxf4 e3 44. f7 Ke7 45. Kf3 Rd2 46. Rh4 Rf2+ 47. Ke4 e2 0-1